000 00576nam a2200205Ia 4500
003 GCL
008 140319s9999 xx 000 0 eng d
040 _aGCL /
_cGCL
082 0 4 _a620.1123
_bSA
100 1 _aLIMBRUNNER, GEORGE F.
245 1 0 _aAPPLIED STATISTICS AND STRENGTH OF MATERIALS /
_cLIMBRUNNER, GEORGE F.
700 1 _aSPIEGEL, LEONARD
260 _a[S.N] :
_bMACMILLAN PUBLISHING COMPANY
300 _a758 P
650 0 4 _aالتحليل الرياضى
650 0 4 _aSTATISTICS
650 0 4 _aSTRENGTH - MATERIALS
650 0 4 _aSTRUCTURE
942 _2ddc
_cBK
999 _c18209
_d18209